| Поле | Название | Значение |
| |
Тип записи |
a |
| |
Библиографический уровень |
m |
| 001 |
Контрольный номер |
RU\NLR\BIBL_A\010413597 |
| 005 |
Дата корректировки |
20201206204954.2 |
| 010 |
Индекс ISBN |
__ |
| a |
ISBN |
978-5-16-009452-6 (в пер.) |
| 010 |
Индекс ISBN |
__ |
| a |
ISBN |
978-5-16-100576-7 (в пер.) |
| d |
Цена |
366-19 |
| 100 |
Данные общей обработки |
__ |
| a |
Данные общей обработки |
19150924d2014||||||| 0rusy0189 ca |
| 101 |
Язык документа |
0_ |
| a |
Язык текста |
rus |
| 102 |
Страна публикации |
__ |
| a |
Страна публикации |
RU| |
| 105 |
Кодированные данные (монография) |
__ |
| a |
Кодированные данные (монография) |
a|||||||000zy |
| 200 |
Заглавие и сведения об ответственности |
1_ |
| a |
Заглавие |
Карьерный менеджмент |
| e |
Сведения, относящиеся к заглавию |
учебное пособие : для студентов, обучающихся по направлениям: "Менеджмент", "Управление персоналом", "Государственное и муниципальное управление" соответствует Федеральному государственному образовательному стандарту 3-го поколения |
| f |
Первые сведения об ответственности |
С. Д. Резник, И. А. Игошина |
| b |
Общее обозначение материала |
Текст |
| 205 |
Сведения об издании |
__ |
| a |
Основные сведения об издании |
2-е изд. |
| 210 |
Выходные данные |
__ |
| a |
Место издания |
Москва |
| c |
Издательство |
ИНФРА-М |
| d |
Дата издания |
2014 |
| 215 |
Физическое описание |
__ |
| a |
Объем |
235, [1] с. |
| c |
Иллюстрации/тип воспроизводства |
ил. |
| d |
Формат |
22 см |
| 225 |
Серия |
__ |
| a |
Серия |
Высшее образование |
| 225 |
Серия |
__ |
| a |
Серия |
Бакалавриат |
| 300 |
Общие примечания |
__ |
| a |
Общие примечания |
На с. 232-233 авт.: Резник С.Д., Засл. деят. науки Рос. Федерации, д.э.н., проф., Засл. работник высш. шк. Рос. Федерации, Игошина И.А., к.э.н., доц., лауреат Всерос. выставоч. центра |
| 320 |
Библиография |
__ |
| a |
Библиография |
Библиография: с. 224-227 (58 назв.) и в подстроч. примеч. |
| 320 |
Библиография |
__ |
| a |
Библиография |
Др. произведения авт. на с. 232-233 |
| 330 |
Аннотация |
__ |
| a |
Аннотация |
Рассмотрены технологии управления собственной профессиональной карьерой, позволяющие студентам младших курсов активно включиться в учебный процесс и практическую деятельность, получить престижную работу еще в период обучения в вузе. Особое внимание уделено современным технологиям, эффективному использованию своих способностей и времени, управлению собственной карьерой и трудовым поведением в организации. Для студентов младших курсов высших учебных заведений, обучающихся по направлениям «Менеджмент», «Управление персоналом», «Государственное и муниципальное управление». |
| 606 |
Тематические рубрики |
__ |
| a |
Основная рубрика |
Психология |
| 606 |
Тематические рубрики |
__ |
| a |
Основная рубрика |
Социальная психология |
| 610 |
Ключевые слова |
__ |
| a |
Ключевые слова |
карьерный менеджмент |
| a |
Ключевые слова |
конфликты |
| a |
Ключевые слова |
лидерство |
| a |
Ключевые слова |
личность |
| a |
Ключевые слова |
неформальные лидеры |
| a |
Ключевые слова |
персональный менеджмент |
| a |
Ключевые слова |
профессионализм |
| a |
Ключевые слова |
профессиональная карьера |
| a |
Ключевые слова |
работоспособность |
| a |
Ключевые слова |
самодисциплина |
| a |
Ключевые слова |
самоорганизация |
| a |
Ключевые слова |
самопрезентации |
| a |
Ключевые слова |
стрессоустойчивость |
| a |
Ключевые слова |
тайм-менеджмент |
| a |
Ключевые слова |
формальные лидеры |
| a |
Ключевые слова |
эмоционально-волевые резервы |
| 686 |
Индексы других классификаций |
__ |
| 2 |
Код системы |
rubbks |
| a |
Классификационный индекс |
88.532я73 |
| 686 |
Индексы других классификаций |
__ |
| 2 |
Код системы |
rubbks |
| 700 |
Автор |
_1 |
| a |
Фамилия |
Резник |
| b |
Имя |
С. Д. |
| f |
Даты |
1941- |
| g |
Полное личное имя |
Семен Давыдович |
| 4 |
Код отношения |
070 |
| 701 |
Альтернативная интеллектуальная ответственность |
_1 |
| a |
Фамилия |
Игошина |
| b |
Имя |
И. А. |
| g |
Полное личное имя |
Ирина Анатольевна |
| 4 |
Код отношения |
070 |
| 801 |
Источник записи |
_0 |
| a |
Страна |
RU |
| b |
Организация |
Муниципальное бюджетное учреждение культуры "Централизованная библиотечная система" г. Сургут (Центральная городская библиотека им. А. С. Пушкина) |
| c |
Дата составления |
20150924 |
| g |
Правила каталогизации |
КиК/Коробейникова |
| 801 |
Источник записи |
_1 |
| a |
Страна |
RU |
| b |
Организация |
Муниципальное бюджетное учреждение культуры "Централизованная библиотечная система" г. Сургут (Центральная городская библиотека им. А. С. Пушкина) |
| c |
Дата составления |
20150924 |
| g |
Правила каталогизации |
КиК/Коробейникова |
| 852 |
Данные о местонахождении |
__ |
| j |
Шифр хранения |
88.532я73 |
| i |
Авторский знак |
Р 34 |
| 901 |
Тип документа |
__ |
| t |
Тип документа |
m |
| 903 |
Характеристики (МАРС) |
__ |
| a |
Дата передачи |
20150924 |
| 969 |
Тип издания |
__ |
| a |
Тип издания |
учебное пособие |
| 990 |
Данные о заказе (DOS) |
__ |
| j |
Количество экземпляров (DOS) |
3 |
| t |
N записи в КСУ для И/У (DOS) |
201510 |